| 000 | 00828nam a2200241Ia 4500 | ||
|---|---|---|---|
| 003 | OSt | ||
| 005 | 20220926012309.0 | ||
| 006 | a|||||r|||| 00| 0 | ||
| 007 | ta | ||
| 008 | 220923b |||||||| |||| 00| 0 eng d | ||
| 020 |
_a978521290609 _c1961.8699999999999 |
||
| 037 |
_bRKBA\09-10\5439, 24/02/2015, RAJKIRAN BOOK AGENCY _cGeneral Book |
||
| 040 |
_aRTL _cRTL _beng |
||
| 041 |
_2eng _aeng |
||
| 082 | _aR3xM29x.N72<-N56, L3 | ||
| 100 |
_aWILLIAMS Bernard _917949 |
||
| 245 | 0 |
_aProblems of the self _b Philosphical papers 1956-1972. |
|
| 260 |
_aNew York _bCambridge University Press _c1973 |
||
| 300 |
_avii,267p _ccm. |
||
| 650 | _aSociology | ||
| 942 |
_hR3xM29x.N72<-N56, L3 _cGB _2CC |
||
| 999 |
_c622423 _d622423 |
||